000 00863nam a2200229 a 4500
001 000025861
005 20200930024115.0
008 110223s1976 ck r 000 0 spa d
040 _aDO-SdBNP
_bspa
_cBNPHU
082 _aNNN
_bW399p, 1976
100 1 _aWeffort, Francisco,
_d1937-
_952701
245 1 0 _aPopulismo, marginalización y dependencia :
_bensayos de intrepetación sociológica /
_cFrancisco Weffort y Anibal Quijano ; introducción general de Edelberto Torres Rivas.
250 _a2a ed.
260 _aSan José, Costa Rica :
_bUniversitaria Centroamericana, EDUCA,
_c1976.
300 _a329, [6] p. ;
_c17 cm.
490 1 _aAula
504 _aIncluye referencias bibliográficas y notas al pie de las páginas
700 1 _aQuijano, Anibal
_952702
700 1 _aTorres Rivas, Edelberto
_eintrod.
_952703
830 0 _aAula
_916604
049 _aBNGR
999 _c25353
_d25353